000 00652nam a2200217 a 4500
005 20140310183252.0
008 041019s19uu xx 00 eng d
020 _a0071151443
050 _aHG 4026
_b.B667 2004
100 _aBrealey, Richard A.
245 _aPrinciples of corporate finance /
_cRichard A. Brealey
250 _a7th ed.
260 _aU.S.A :
_bMcGraw-Graw Hill Education,
_c2004.
300 _a1071 p. :
_bill. (some col.) ;
_c26 cm.
500 _aIncludes bibliographical references and index.
521 _aBSBA
650 _aCorporations
_xFinance.
700 _aMyers, Stewart C.
942 _cBK
_2lcc
_kFOR
999 _c20792
_d20792